00662nam a2200229 a 4500001001300000003000900013005001700022008004100039020002300080082001600103100002000119245004500139260002400184300000900208500003500217505001300252650002000265902000800285942000700293952011700300999001500417nice12345678IN_TiNIC20260116012820.0050524s1987 gena grp 000 0 eng  a2825405 c10000a289.98bBRO aBrockway, Allan aNew Religious Movements and the Churches aGeneva bWCC c1987 a200p aincludes index and biblioraphy2 aAppendix aChristian-Sects bSRS cBK 001040708StackRoom-aHMIbHMId2007-07-19g100.00l0o289.98 BROp012763r2007-07-19v100.00w2005-05-24yBK c8491d8491